000 00695nam a2200169Ia 4500
008 090711s9999 xx 000 0 und d
082 _b69127
100 _aपठाण यु. म.
245 _a"आठव : ज्ञानदेवांSाा, ज्ञानदेवीSाा"
260 _bमधुराज प्रकाशन प्रा. लि.
_c1992
300 _a92
600 _aपठाण यु. म.
630 _a"आठव : ज्ञानदेवांSाा, ज्ञानदेवीSाा"
700 _aपठाण यु. म.
730 _a"आठव : ज्ञानदेवांSाा, ज्ञानदेवीSाा"
942 _cBOOK
999 _c281161
_d281161